00913 2200313 4500001002100000005001500021035002000036007000300056008004100059040001700100100001700117245011600134250001100250300005300261020002200314041000800336082001000344084001600354090002000370260003100390500002400421600001600445700002800461850001000489990002500499990002500524990002500549990002500574INLIS00000000000244020260602072646 a0010-0220000291ta260602 0  aSBPUPADbind0 aKhairul Amal1 aPerang Atas Nama Iman :bTelah Evolusi Jihad Era Kenabian Muhammad Saw /cKhairul Amal, Penyunting: Abd. Kholiq aCet. 1 axii, 174 hlm. ;c20 cmeBibliografi, hlm 173-186 a978-602-50245-4-20 aind a297.1 a297.1 KHA p a297.1 KHA p 3-5 aYogyakarta :bForum,c2018 aIndeks, hlm 189-194 4aAgama Islam0 aPenyunting: Abd. Kholiq aPUPAD a32.553/APBD/DPK/2019 a32.387/APBD/DPK/2019 a32.386/APBD/DPK/2019 a32.385/APBD/DPK/2019